00574 a2200169 4500260001200000711002300012711001100035100001500046260002300061245005300084300001500137650002900152260000900181130000700190440005900197711014800256 aLondres d18-21 octobre 1993 cNamur  aDUBOIS, J. bJ. Libbey Eurotext aQuel avenir pour l'amélioration des plantes ?  aXVII-513p. aAMELIORATION DES PLANTES c1995 lFr a(universités francophones. Actualité scientifique) aQuatrième journées scientifiques du réseau biotechnologies végétales de l'UREF (université des réseaux d'expression française)